Представление документа в формате MARC21

ПолеНазваниеЗначение
  Тип записи a
  Библиографический уровень m
001 Контрольный номер RU\infra-m\znanium\bibl\2225356
005 Дата корректировки 20260429142111.9
008 Кодируемые данные 250905s2025 RU g rus u
020 Индекс ISBN __
a ISBN 978-5-9729-2621-3
040 Источник каталогиз. __
a Служба первич. каталог. Общество с ограниченной ответственностью «ЗНАНИУМ»
041 Код языка издания __
a Код языка текста rus
044 Код страны публикации __
a Код страны публикации RU
080 Индекс УДК __
a Индекс УДК 004
084 Индекс другой классификации/Индекс ББК __
2 Источник индекса rubbk
a Индекс другой классификации/Индекс ББК 3297
084 Индекс другой классификации/Индекс ББК __
2 Источник индекса okso
a Индекс другой классификации/Индекс ББК 10.03.01
084 Индекс другой классификации/Индекс ББК __
2 Источник индекса okso
a Индекс другой классификации/Индекс ББК 10.04.01
084 Индекс другой классификации/Индекс ББК __
2 Источник индекса okso
a Индекс другой классификации/Индекс ББК 10.05.03
100 Автор __
a Автор Молдовян Д.Н.
q Полное имя Молдовян Дмитрий Николаевич
245 Заглавие __
a Заглавие Элементы теоретических основ криптосистем с открытым ключом
b Продолж. заглавия Учебно-методическая литература
250 Сведения об издании __
a Основные сведения об издании 1
260 Выходные данные __
a Место издания Вологда
b Издательство Инфра-Инженерия
c Дата издания 2025
300 Физическое описание __
a Объем 76 с.
520 Аннотация __
a Аннотация Изложены базовые вычислительные алгоритмы и основные результаты элементарной теории чисел лежащие в основе современных криптографических алгоритмов и протоколов с открытым ключом. Для использования в рамках изучения дисциплин «Криптографические методы защиты информации» и «Теоретические основы криптографии». Соответствует Федеральному государственному образовательному стандарту высшего образования по направлению подготовки бакалавров 10.03.01 «Информационная безопасность» профиль «Безопасность автоматизированных систем» магистров 10.04.01 «Информационная безопасность» и специальности 10.05.03 «Информационная безопасность автоматизированных систем».
521 Примеч. о цел. назн. __
a Примеч. о целев. назн. ВО - Бакалавриат
650 Тематические рубрики __
a Основная рубрика Информатика. Вычислительная техника
x Основная подрубрика Общая информатика
655 Указ. предметных рубрик (устаревшее) __
a Жанр/ форма (устаревшее) Учебно-методическая литература
700 Другие авторы __
a Другие авторы Молдовян Н.А.
q Полное имя Молдовян Николай Андреевич
u Дополнение СПИИРАН
856 Электронный адрес документа 4_
a Имя сервера/домена znanium.ru
m Помощь ebs_support@infra-m.ru
n Местонахождение сервера НИЦ ИНФРА-М
u URL https://znanium.ru/catalog/document?id=469359
856 Электронный адрес документа 48
a Имя сервера/домена znanium.ru
d Путь /cover/2225
f Электронное имя 2225356.jpg
q Тип электронного формата image/jpeg
u URL https://znanium.ru/cover/2225/2225356.jpg
911 __
u 0030=https://znanium.ru/catalog/document?id=469359